000 00495cam a2200145 4500500
005 20251012010545.0
041 _afre
042 _adc
100 1 0 _aPastorini, Chiara
_eauthor
245 0 0 _aMartha Nussbaum. « Obama fonde son jugement sur les faits »
260 _c2008.
500 _a72
786 0 _nPhilosophie magazine | 24 | 11 | 2008-11-01 | p. 19-19 | 1951-1787
856 4 1 _uhttps://shs.cairn.info/magazine-philosophie-magazine-2008-11-page-19?lang=fr&redirect-ssocas=7080
999 _c1519719
_d1519719